| 000 | 00333 a2200145 4500 | ||
|---|---|---|---|
| 003 | Nust | ||
| 005 | 20170207154215.0 | ||
| 040 | _cNust | ||
| 082 | _a808 | ||
| 100 | _aWer | ||
| 245 |
_aEast Pakistan Week _bSouvenir 1962 _cM.Azam Khan |
||
| 250 | _a2nd | ||
| 260 |
_aPakistan _bGOVT of East _c1962 |
||
| 538 | _aAlmirah No.134 Shelf No.3 | ||
| 942 |
_2ddc _cBK |
||
| 999 |
_c195050 _d195050 |
||